Toutes les gares ferroviaires du Bas-Rhin - Statistiques

Statistiques générales
  • Ce quiz a été pris 8 fois
  • Le résultat moyen est 26 sur 96
Statistiques - réponses
Fréquentation annuelle Nom de la gare % Correct
2 173 819 Haguenau
100%
1 499 240 Saverne
100%
2 807 837 Sélestat
100%
24 568 668 Strasbourg
100%
1 826 333 Molsheim
88%
267 687 Wissembourg
75%
737 554 Bischwiller
63%
629 424 Erstein
63%
66 558 Hoenheim Tram
63%
82 272 Lingolsheim
63%
228 854 Niederbronn-les-Bains
63%
968 603 Obernai
63%
208 259 Vendenheim
63%
36 642 Lauterbourg
50%
82 994 Mundolsheim
50%
262 879 Mutzig
50%
151 824 Sarre-Union
50%
370 408 Barr
38%
664 785 Benfeld
38%
55 191 Bischheim
38%
726 076 Brumath
38%
118 003 Dorlisheim
38%
45 765 Epfig
38%
275 577 Ingwiller
38%
146 577 Urmatt
38%
190 078 Weyersheim
38%
9 906 Bourg-Bruche
25%
118 712 Dachstein
25%
35 500 Dambach-la-Ville
25%
151 473 Dettwiller
25%
118 030 Duppigheim
25%
197 358 Duttlenheim
25%
23 369 Ebersheim
25%
17 713 Fouday
25%
227 321 Gambsheim
25%
50 646 Graffenstaden
25%
275 247 Hochfelden
25%
253 028 Hoerdt
25%
358 Hunspach
25%
210 237 Krimmeri Meinau
25%
44 186 La Wantzenau
25%
123 589 Limersheim
25%
160 636 Lutzelhouse
25%
61 628 Matzenheim
25%
12 608 Mullerhof
25%
228 925 Rosheim
25%
164 034 Rothau
25%
84 356 Russ Hersbach
25%
71 394 Saales
25%
11 410 Scherwiller
25%
337 869 Schirmeck - La Broque
25%
53 172 Seltz
25%
230 673 Soultz-sous-Forêts
25%
111 023 Strasbourg Roethig
25%
136 135 Bischoffsheim
13%
144 953 Diemeringen
13%
12 048 Eichhoffen
13%
430 494 Entzheim Aéroport
13%
152 694 Fegersheim - Lipsheim
13%
71 924 Geispolsheim
13%
39 245 Gertwiller
13%
35 806 Goxwiller
13%
161 014 Gresswiller
13%
117 154 Gundershoffen
13%
18 027 Heiligenberg - Mollkirch
13%
197 381 Herrlisheim
13%
41 035 Kogenheim
13%
111 836 Kurtzenhouse
13%
71 592 Marienthal
13%
151 293 Mertzwiller
13%
316 721 Mommenheim
13%
223 839 Reichshoffen
13%
69 968 Roeschwoog
13%
15 090 Roppenheim
13%
49 682 Rountzenheim
13%
62 007 Saint-Blaise-la-Roche Poutay
13%
50 887 Schweighouse-sur-Moder
13%
101 767 Sessenheim
13%
70 410 Stephansfeld
13%
90 441 Wisches
13%
142 669 Drusenheim
0%
41 398 Herbitzheim
0%
21 270 Hoelschloch
0%
16 148 Hoffen
0%
107 224 Kilstett
0%
4 214 Mothern
0%
4 011 Munchhausen
0%
231 110 Obermodern-Zutzendorf
0%
38 063 Oermingen
0%
12 080 Riedseltz
0%
100 181 Schwindratzheim
0%
30 170 Steinbourg
0%
78 977 Tieffenbach - Struth
0%
42 141 Walbourg
0%
55 475 Wilwisheim
0%
150 209 Wingen-sur-Moder
0%
Aucun quiz correspondant
Distribution des résultats
% des personnes avec chaque résultat
Percentile par nombre de réponses
Votre historique - résultats
Vous n’avez pas pris ce quiz